| 000 | 01304cab a2200217 4500 | ||
|---|---|---|---|
| 001 | ##L136388 | ||
| 008 | 070130n2007 000 0 eng u | ||
| 035 | _a(Sirsi) u136388 | ||
| 041 | 0 | _aeng | |
| 110 | 1 |
_aUnited Kingdom _bDepartment for Communities and Local Government _94939 |
|
| 245 | 0 | 0 |
_aIndustry shows commitment to enabling women to succeed _h[electronic resource] |
| 260 | _c2007 | ||
| 490 | 0 |
_aDCLG News Release _v(2007/0015) 30 January 2007 |
|
| 520 | _aOver 100 companies and organisations, including Women Builders Ltd and other construction firms, have signed up to an Exemplar Employer scheme since September 2006. The schemes aim to reduce the gender pay gap, encourage women to do male dominated jobs, support mothers returning to work, and create better part-time opportunities. Government has also launched a new Quality Part-Time Work Fund for companies to obtain advice on creating and retaining part-time jobs for women at a senior level. | ||
| 590 | _aKA NTK | ||
| 650 | 2 | 4 | _aDCLG EXEMPLAR EMPLOYER SCHEME |
| 651 | 4 |
_aUnited Kingdom _y |
|
| 690 | _aCAREERS, EDUCATION AND TRAINING-RICS RAISING THE RATIO CAMPAIGN | ||
| 856 | 4 | 0 |
_uhttps://www.communities.gov.uk/index.asp?id=1002882&PressNoticeID=2344 _zView the item free of charge at www.communities.gov.uk... |
| 942 | _n0 | ||
| 999 |
_c78265 _d78265 |
||